Em busca da floresta azul (Record no. 190928)

MARC details
000 -LÍDER
campo de controle de tamanho fixo 00392 a2200169 4500
001 - NÚMERO DE CONTROLE
campo de controle 190928
020 ## - ISBN - INTERNATIONAL STANDARD BOOK NUMBER
ISBN - International Standard Book Number 978-85-7153-307-3
040 ## - FONTE DA CATALOGAÇÃO
Instituição que transcreveu o registro Magnum
100 ## - ENTRADA PRINCIPAL--NOME PESSOAL
Nome pessoal Garcia, Maria Cláudia Siqueira
240 10 - TÍTULO UNIFORME
Título uniforme Em busca da floresta azul
Idioma da obra por
245 10 - TÍTULO
Título Em busca da floresta azul
300 ## - DESCRIÇÃO FÍSICA
Extensão 54
362 0# - DATAS DE PUBLICAÇÃO E/OU DESIGNAÇÃO SEQUENCIAL
Datas de publicação e/ou designação sequencial 2012
440 #1 - DECLARAÇÃO DE SÉRIE/ENTRADA ADICIONADA--TÍTULO
Título RHJ
697 ## - ENTRADA DE ASSUNTO LOCAL--ENTIDADE COLETIVA (RLIN)
Nome corporativo ou nome da jurisdição LITERATURA INFANTO-JUVENIL
942 ## - ELEMENTOS DE ENTRADA ADICIONADOS (KOHA)
Tipo de material Koha Livros
Holdings
Situação do descarte Situação das perdas Situação física Não pode ser emprestado Biblioteca de origem Biblioteca atual Data de aquisição Total de empréstimos Número de chamada completo Código de barras Data de último acesso Data do preço efetivo Tipo de material Koha
        Magnum Magnum 08/06/2024   869.2.1182 MAG00067987 08/06/2024 08/06/2024 Livros
        Magnum Magnum 08/06/2024   869.2.1182 MAG00067988 08/06/2024 08/06/2024 Livros